Tinker, tailor, missionary? : (Record no. 1834)
[ view plain ]
| 000 -LEADER | |
|---|---|
| fixed length control field | 00856cam a2200289 a 4500 |
| 001 - CONTROL NUMBER | |
| control field | 3323495 |
| 003 - CONTROL NUMBER IDENTIFIER | |
| control field | GBCCL |
| 005 - DATE AND TIME OF LATEST TRANSACTION | |
| control field | 20241126110410.0 |
| 008 - FIXED-LENGTH DATA ELEMENTS--GENERAL INFORMATION | |
| fixed length control field | 920309s1991 enk b 000 0 eng d |
| 015 ## - | |
| -- | GB91-68935 |
| 020 ## - INTERNATIONAL STANDARD BOOK NUMBER | |
| International Standard Book Number | 0851108601 (pbk) : |
| Terms of availability | L3.95 |
| 020 ## - INTERNATIONAL STANDARD BOOK NUMBER | |
| International Standard Book Number | 0851108601 |
| 035 ## - SYSTEM CONTROL NUMBER | |
| System control number | (OCoLC)ocn703010256 |
| 035 ## - SYSTEM CONTROL NUMBER | |
| System control number | (Uk)0851108601 |
| 035 ## - SYSTEM CONTROL NUMBER | |
| System control number | 3323495 |
| 040 ## - CATALOGING SOURCE | |
| Original cataloging agency | Uk/NBSNW |
| Modifying agency | DLC |
| -- | CStRLIN |
| -- | CtY-D |
| Transcribing agency | GBC |
| 082 04 - DEWEY DECIMAL CLASSIFICATION NUMBER | |
| Classification number | 266.023 |
| Item number | GRI |
| 100 1# - MAIN ENTRY--PERSONAL NAME | |
| Personal name | Griffiths, Michael, |
| Dates associated with a name | 1928- |
| 9 (RLIN) | 3839 |
| 245 10 - TITLE STATEMENT | |
| Title | Tinker, tailor, missionary? : |
| Remainder of title | options in a changing world / |
| Statement of responsibility, etc. | Michael Griffiths. |
| 260 ## - PUBLICATION, DISTRIBUTION, ETC. | |
| Place of publication, distribution, etc. | Leicester : |
| Name of publisher, distributor, etc. | Inter-Varsity, |
| Date of publication, distribution, etc. | 1991. |
| 300 ## - PHYSICAL DESCRIPTION | |
| Extent | 222 p. ; |
| Dimensions | 18 cm. |
| 504 ## - BIBLIOGRAPHY, ETC. NOTE | |
| Bibliography, etc. note | Includes bibliographical references. |
| 650 #0 - SUBJECT ADDED ENTRY--TOPICAL TERM | |
| Topical term or geographic name entry element | Missions. |
| 9 (RLIN) | 885 |
| 650 #0 - SUBJECT ADDED ENTRY--TOPICAL TERM | |
| Topical term or geographic name entry element | Missions |
| General subdivision | Theory. |
| 9 (RLIN) | 48 |
| 650 #0 - SUBJECT ADDED ENTRY--TOPICAL TERM | |
| Topical term or geographic name entry element | Evangelistic work. |
| 9 (RLIN) | 290 |
| 942 ## - ADDED ENTRY ELEMENTS (KOHA) | |
| Source of classification or shelving scheme | Dewey Decimal Classification |
| Koha item type | Books |
| Withdrawn status | Lost status | Source of classification or shelving scheme | Damaged status | Not for loan | Home library | Current Library | Shelving location | Date acquired | Total checkouts | Full call number | Barcode | Date last seen | Copy number | Price effective from | Koha item type |
|---|---|---|---|---|---|---|---|---|---|---|---|---|---|---|---|
| Dewey Decimal Classification | GRACE BIBLE COLLEGE | GRACE BIBLE COLLEGE | Ministry & Mission | 2017-05-26 | 266.023 GRI | 004747 | 2025-05-01 | c.1 | 2017-05-26 | Books |